000 00609nam a2200181Ia 4500
008 100921s9999 xx 000 0 und d
082 _b3430
_a891.2 0
100 _a---
245 _aसन्मणीमाला कवितासंग्रह.
260 _b---
_c0
300 _a266
_b---
365 _b0
520 _aललित-स्ंास्कृत.
630 _aसन्मणीमाला कवितासंग्रह.
650 _aललित-स्ंास्कृत.
730 _aसन्मणीमाला कवितासंग्रह.
942 _cBOOK
999 _c752543
_d752540